[Event "OMA-ch 11th"]
[Site "Muscat"]
[Date "2024.01.28"]
[Round "6"]
[White "Al Maamari, Haitham"]
[Black "Fadhil, Khalid Ali"]
[Result "1-0"]
[WhiteElo "1212"]
[BlackElo "1555"]
[PlyCount "105"]
[EventDate "2024.01.24"]
[EventType "swiss"]
[EventRounds "9"]
[EventCountry "OMN"]
[SourceTitle "CB06_2024"]
[SourceDate "2024.02.07"]
[SourceVersion "1"]
[SourceVersionDate "2024.02.07"]
[SourceQuality "1"]

1. d4 d5 2. Nf3 Nf6 3. g3 Nc6 4. Bg2 e6 5. Bg5 h6 6. Bxf6 Qxf6 7. a3 Bd6 8. c4 0-0 9. cxd5 exd5 10. Nc3 Ne7 11. 0-0 c6 12. e3 Bg4 13. b4 Qf5 14. Re1 Ng6 15. Rc1 Rfe8 16. Nb1 h5 17. Nbd2 h4 18. Qc2 hxg3 19. hxg3 Qh5 20. Nh2 Bh3 21. Ndf3 Bxg2 22. Kxg2 Re4 23. Rh1 Rae8 24. Nf1 Qg4 25. Rh3 f5 26. N1h2 R4e6 27. Nxg4 fxg4 28. Rh5 gxf3+ 29. Kxf3 Rf8+ 30. Kg2 Ref6 31. Rf1 a6 32. Rg5 Ne7 33. g4 Kf7 34. f4 Re6 35. Rf3 Re4 36. Kg3 g6 37. Qh2 Kg7 38. Kf2 Rh8 39. Qg2 Ng8 40. Rh3 Rxh3 41. Qxh3 Nh6 42. f5 Nf7 43. Rxg6+ Kf8 44. Qh7 Ke8 45. Re6+ Kf8 46. Rxe4 dxe4 47. f6 b6 48. Qg7+ Ke8 49. Qg8+ Bf8 50. g5 a5 51. g6 Nh6 52. Qe6+ Kd8 53. g7 1-0

[Event "OMA-ch 11th"]
[Site "Muscat"]
[Date "2024.01.26"]
[Round "3"]
[White "Al Ansi, Amin Hassan"]
[Black "Fadhil, Khalid Ali"]
[Result "1-0"]
[WhiteElo "1763"]
[BlackElo "1555"]
[PlyCount "112"]
[EventDate "2024.01.24"]
[EventType "swiss"]
[EventRounds "9"]
[EventCountry "OMN"]
[SourceTitle "CB06_2024"]
[SourceDate "2024.02.07"]
[SourceVersion "1"]
[SourceVersionDate "2024.02.07"]
[SourceQuality "1"]

1. e4 e5 2. Nf3 Nc6 3. Bb5 Nf6 4. 0-0 Be7 5. Bxc6 dxc6 6. Nxe5 Qd4 7. Nf3 Qxe4 8. Re1 Qb4 9. b3 Be6 10. Qe2 Qg4 11. h3 Qh5 12. Nd4 Qxe2 13. Rxe2 Kd7 14. Nxe6 fxe6 15. Nc3 Nd5 16. Ne4 Rhf8 17. Bb2 Bf6 18. Nc5+ Kc8 19. Bxf6 Nxf6 20. Nxe6 Re8 21. Rae1 g6 22. Nc5 Rxe2 23. Rxe2 b6 24. Re6 bxc5 25. Rxf6 Kb7 26. d3 Re8 27. Kf1 Re7 28. Rf4 Kb6 29. Re4 Rd7 30. Ke2 Kb5 31. a4+ Kb6 32. f4 Rf7 33. g4 Kb7 34. Ke3 Kc8 35. Re5 Kd7 36. Rxc5 Kd6 37. Rc4 c5 38. Re4 c6 39. Re8 Kd7 40. Ra8 Kd6 41. Re8 Kd7 42. Re5 Kd6 43. Ke4 Rb7 44. Re8 Rg7 45. f5 Kd7 46. f6 Rf7 47. Re7+ Rxe7+ 48. fxe7 Kxe7 49. Ke5 Kf7 50. Kd6 h5 51. Kxc5 Kf6 52. Kxc6 Kg5 53. gxh5 Kxh5 54. d4 Kh4 55. d5 Kxh3 56. d6 g5 1-0

[Event "OMA-ch 10th"]
[Site "Muscat"]
[Date "2023.02.21"]
[Round "7"]
[White "Fadhil, Khalid Ali"]
[Black "Salim Issa, Ali Shamas"]
[Result "0-1"]
[WhiteElo "1457"]
[BlackElo "1796"]
[PlyCount "96"]
[EventDate "2023.02.16"]
[EventType "swiss"]
[EventRounds "9"]
[EventCountry "OMN"]
[SourceTitle "EXT 2024"]
[Source "ChessBase"]
[SourceDate "2023.10.10"]
[SourceVersion "1"]
[SourceVersionDate "2023.10.10"]
[SourceQuality "1"]

1. e4 Nf6 2. e5 Nd5 3. d4 d6 4. Bc4 Nb6 5. Bb3 dxe5 6. Qh5 e6 7. dxe5 c5 8. c3 g6 9. Qg5 Qc7 10. Nf3 Bg7 11. 0-0 Nc6 12. Re1 h6 13. Qe3 c4 14. Bc2 Bd7 15. Na3 Ne7 16. Nd4 a6 17. f4 0-0-0 18. Be4 Kb8 19. b3 cxb3 20. Bb2 Nbd5 21. Qf3 g5 22. axb3 Nxf4 23. Nc4 Be8 24. Ba3 Nc8 25. Nd6 Bxe5 26. Nxb7 Rxd4 27. cxd4 Bxd4+ 28. Kh1 Bxa1 29. Rxa1 f5 30. Nc5 Bb5 31. Qc3 Rd8 32. Rc1 Ka7 33. Qe3 Qb6 34. Nd7 Rxd7 35. Bc5 fxe4 36. Bxb6+ Nxb6 37. Qxe4 Bd3 38. Qe3 Bb5 39. h3 Nd3 40. Rc8 Kb7 41. Rf8 Nf4 42. Qe5 Rc7 43. Qh8 Nd7 44. Rg8 Rc1+ 45. Kh2 Rc2 46. Kg3 Rxg2+ 47. Kf3 Bc6+ 48. Ke3 e5 0-1

[Event "OMA-ch 10th"]
[Site "Muscat"]
[Date "2023.02.17"]
[Round "2"]
[White "Al Houti, Houd"]
[Black "Fadhil, Khalid Ali"]
[Result "1/2-1/2"]
[WhiteElo "1658"]
[BlackElo "1457"]
[PlyCount "127"]
[EventDate "2023.02.16"]
[EventType "swiss"]
[EventRounds "9"]
[EventCountry "OMN"]
[SourceTitle "EXT 2024"]
[Source "ChessBase"]
[SourceDate "2023.10.10"]
[SourceVersion "1"]
[SourceVersionDate "2023.10.10"]
[SourceQuality "1"]

1. d4 d5 2. Bf4 Nf6 3. e3 e6 4. Nf3 Bd6 5. Bg3 0-0 6. Nbd2 Ne4 7. Nxe4 dxe4 8. Nd2 f5 9. Bxd6 cxd6 10. Be2 b6 11. c3 Bb7 12. Qb3 d5 13. 0-0 Nd7 14. a4 f4 15. exf4 Rxf4 16. c4 Qg5 17. Qg3 Qxg3 18. hxg3 Rf6 19. cxd5 Bxd5 20. Rac1 Nb8 21. Rc8+ Rf8 22. Rfc1 Nd7 23. R8c7 Nf6 24. Nc4 Ne8 25. Re7 Rf7 26. Rxf7 Kxf7 27. Ne5+ Ke7 28. Rc3 a6 29. f3 Ra7 30. fxe4 Bxe4 31. Bf3 Bxf3 32. gxf3 Rc7 33. Kf2 Rxc3 34. bxc3 b5 35. axb5 axb5 36. c4 bxc4 37. Nxc4 Nd6 38. Na3 Kd7 39. g4 Kc6 40. Ke3 Kd5 41. Kd3 h6 42. Nc2 Nb5 43. Ne3+ Kd6 44. Nc4+ Kd5 45. Ne3+ Kd6 46. Nc4+ Kd5 47. Ne3+ Kc6 48. f4 g6 49. f5 exf5 50. gxf5 g5 51. Ke4 Kd7 52. Ke5 Ke7 53. f6+ Kf7 54. d5 h5 55. d6 Nxd6 56. Kxd6 Kxf6 57. Kd5 g4 58. Ke4 Kg5 59. Nf1 h4 60. Ke3 h3 61. Kf2 Kf4 62. Ng3 Kg5 63. Nh1 Kh4 64. Ng3 1/2-1/2

[Event "Asia-ch Amateur"]
[Site "Muscat"]
[Date "2022.10.01"]
[Round "4"]
[White "Al Abdali, Zeyad Saleh"]
[Black "Fadhil, Khalid Ali"]
[Result "1/2-1/2"]
[WhiteElo "1780"]
[BlackElo "1451"]
[PlyCount "129"]
[EventDate "2022.09.29"]
[EventType "swiss"]
[EventRounds "9"]
[EventCountry "OMN"]
[SourceTitle "CBM 210 Extra"]
[Source "ChessBase"]
[SourceDate "2022.11.30"]
[SourceVersion "1"]
[SourceVersionDate "2022.11.30"]
[SourceQuality "1"]

1. d4 d5 2. c4 c6 3. Nc3 Nf6 4. Nf3 Bg4 5. Ne5 Bf5 6. cxd5 Nxd5 7. e4 Nxc3 8. bxc3 Bg6 9. Qb3 Qb6 10. Nc4 Qxb3 11. axb3 Nd7 12. Bd3 f6 13. Ba3 a6 14. f4 Bf7 15. Nd2 e6 16. Bxf8 Rxf8 17. e5 Nb6 18. 0-0 f5 19. Bc4 Ke7 20. g3 Rfd8 21. Rfd1 Bh5 22. Re1 c5 23. dxc5 Rxd2 24. cxb6 Bf3 25. Bf1 Rad8 26. Re3 Be4 27. Rc1 Rb2 28. c4 Rdd2 29. Rxe4 fxe4 30. c5 Rbc2 31. Rxc2 Rxc2 32. Bxa6 Rxc5 33. Bxb7 Rb5 34. Bxe4 Rxb6 35. Bxh7 Rxb3 36. Kg2 Kf7 37. Be4 Re3 38. Bc6 Kg6 39. g4 Kf7 40. h4 Rc3 41. Be4 Re3 42. Bf3 Ra3 43. h5 Rc3 44. Be4 Re3 45. Bg6+ Ke7 46. Kf2 Ra3 47. Be4 Rb3 48. Bf3 Kf7 49. Kg3 Re3 50. Kf2 Ra3 51. Be4 Rb3 52. Bg6+ Ke7 53. Kg2 Re3 54. g5 Ra3 55. h6 gxh6 56. gxh6 Kf8 57. Kh2 Kg8 58. Kg2 Rb3 59. f5 exf5 60. Bxf5 Rb5 61. h7+ Kg7 62. Kf3 Rxe5 63. Kf4 Re1 64. Bd3 Rd1 65. Be4 1/2-1/2